Responses for show #6504 - Thursday, December 20, 2012

Contestants

Mike Wallace, a real estate agent from Sunnyside, New York

Jen Ruth, a director of operations from Aurora, Colorado

Susan Jann, an operations coordinator from Bristol, Pennsylvania (whose 3-day cash winnings total $53,800)

Jeopardy! Round responses

NEWS OF THE 20-TWEENS
YOU "R" WHAT YOU EAT
WEBCAMS
TV CAST OF CHARACTERS
AUTHORS' FORMER JOBS
ALSO A GUN PART
    $200 11
the Secret Service

Susan
    $200 16
raisins

Jen
    $200 1
The Sopranos

Jen
    $200 6
Salinger

Jen
    $200 21
magazine

Jen
    $400 12
Gordon Brown

Jen
    $400 17
rabbit

Susan
    $400 2
Bewitched

Susan
    $400 7
(John) Steinbeck

Jen
    $400 22
Scope

Susan
    $600 13
(Jen: What is Anonymous?)

WikiLeaks

SusanJen
    $600 18
ramen

Susan
    $600 26
Minneapolis

Susan
    $600 3
(Jen: What is The New Girl?)

New Girl

Jen
    $600 8
(Mike: Who is Marlowe?)
(Jen: Who is Chandler?)

Dashiell Hammett

JenMike
Triple Stumper
    $600 23
hammer

Jen
    $800 14
Aung San Suu Kyi

Susan
    $800 19
radicchio

Jen
    $800 28
[The end-of-round signal sounds.]

Hamburg

Mike
    $800 4
Dynasty

Mike
    $800 9
Langston Hughes

Triple Stumper
    $800 24
bolt

Triple Stumper
    $1000 15
FBI

Triple Stumper
    $1000 20
(Alex: It's called a [*]. Sounds weird. I'm not sure I'd want to eat it, either.)

rollmop

Triple Stumper
    $1000 27
the Rialto

Triple Stumper
    $1000 5
(Jen: What is Body of Evidence?)
...
(Alex: Oh, Jen, you were on the right track. It's not Body of Evidence, but [*].)

Body of Proof

Jen
Triple Stumper
    $1,000 10
John Grisham

Jen
    $1000 25
stock

Mike

Scores at the first commercial break (after clue 14):

Susan Jen Mike
$2,000 $600 $200

Scores at the end of the Jeopardy! Round:

Susan Jen Mike
$4,000 $2,400 $2,000

Double Jeopardy! Round responses

BIRTH OF A NATION
BETTER 2-LETTER
BEASTLY ART
POSSIBLE MOVIE SEQUELS?
STARTS WITH "J"
OLD McDONALD HAD...
    $400 12
Easter Monday

Mike
    $400 7
ho

Susan
    $400 6
the Cheshire Cat

Jen
    $400 1
Rain Man

Susan
    $400 21
Jordan

Jen
    $800 13
Václav Havel

Mike
    $800 17
fa

Triple Stumper
    $800 8
(Mike: Who is Francis Assisi?)

Francis of Assisi

Mike
    $800 2
Braveheart

Susan
    $800 25
jelly roll

Susan
    $1200 14
Armenia

Susan
    $1200 18
us

Triple Stumper
    $1200 9
blue heron

Susan
    $1200 3
Field of Dreams

Susan
    $1200 24
(Alex: A lot of them here in Southern California.)

jacaranda

Jen
    $3,000 28
[The end-of-round signal sounds.]

steel workers

Mike
    $2,000 15
[Applause]
(Alex: Way to go! Terrific. Well done.)

Iceland

Susan
    $1600 19
gi

Jen
    $1600 10
Andy Warhol

Mike
    $1600 4
Ted

Mike
    $1600 23
Jersey

Jen
    $1600 27
observatory

Mike
    $2000 16
the Netherlands

Mike
    $2000 20
al

Mike
    $2000 11
Henri Matisse

Triple Stumper
    $2000 5
My Dinner with Andre

Mike
    $2000 22
Justinian

Susan
    $2000 26
Israel

Triple Stumper

Scores at the end of the Double Jeopardy! Round:

Susan Jen Mike
$14,000 $7,600 $17,800

[wagering suggestions for these scores]

Final Jeopardy! Round responses

DOG BREEDS
JenWhat is Weimaraner
$7,500
SusanWhat is Yorkshire Terrier?
$6,000
MikeWhat is Yorkshire Terrier?
$11,000
Yorkshire Terrier

Final scores:

Susan Jen Mike
$20,000 $100 $28,800
2nd place: $2,000 3rd place: $1,000 New champion: $28,800

Game dynamics:

Coryat scores:

Susan Jen Mike
$13,600 $7,600 $16,000
17 R
(including 1 DD),
0 W
15 R
(including 1 DD),
3 W
13 R
(including 1 DD),
1 W

Combined Coryat: $37,200

The J! Archive is created by fans, for fans. The Jeopardy! game show and all elements thereof, including but not limited to copyright and trademark thereto, are the property of Jeopardy Productions, Inc. and are protected under law. This website is not affiliated with, sponsored by, or operated by Jeopardy Productions, Inc. Join the discussion at JBoard.tv.